| 000 | 00459nam a22001817a 4500 | ||
|---|---|---|---|
| 003 | CEME | ||
| 005 | 20210628205921.0 | ||
| 008 | 210204b xxu||||| |||| 00| 0 eng d | ||
| 020 | _a969-441-113-0 | ||
| 040 | _c. | ||
| 082 | _a891.4393 ABD | ||
| 100 |
_aAbdur Rahsid. Maj _977469 |
||
| 245 | _aMujay haw hukam-e-izza | ||
| 260 |
_aLAHORE _bISLAMIC PUBLICATIONS _c2003 |
||
| 300 | _a388P | ||
| 650 |
_aBIOGRAPHY-MAJ ABDUR RASHID _977470 |
||
| 942 |
_cBK _2ddc |
||
| 999 |
_c582729 _d582729 |
||